000 00224nam a22001097a 4500
100 _aExupery, Antoine de Saiw
245 _aThe Little Prince
250 _a2014
260 _bHeritage Pub.
300 _a32
942 _2ddc
_cBK
999 _c11509
_d11509